| 000 | 00980nam a22002537a 4500 | ||
|---|---|---|---|
| 005 | 20240530110528.0 | ||
| 008 | 160310s2012 ua o g b 000 0 ara d | ||
| 017 |
_820705 _aمصر . دار الكتب المصرية |
||
| 020 | _a9789773582665 | ||
| 040 | _aEG-CaGPL | ||
| 082 | 0 | 4 |
_221 _a539.77\ _bع ت |
| 100 | 0 | _aعذاب طاهر الكنانى | |
| 245 | 1 | 0 |
_aتطبيقات الاشعاع فة الصناعة و القياسات البيئية / _cتاليف عذاب طاهر الكنانى |
| 250 | _aط1 | ||
| 260 |
_aالقاهرة : _bدار الفجر للنشر و التوزيع ، _c2012 . |
||
| 300 |
_a371 ص : _bصور ؛ _c24 سم |
||
| 505 | _aيشتمل على ارجاعات ببليوجرافية | ||
| 650 | 0 | 4 | _aالفيزياء الذرية |
| 650 | 0 | 4 | _aالاشعاع |
| 650 | 0 | 4 |
_aالكاقة الذرية _xالصناعات |
| 650 | 0 | 4 | _aالطاقة الاشعاعية |
| 942 |
_2ddc _cBK |
||
| 999 |
_c62042 _d62042 |
||